000 00571nam a2200193Ia 4500
003 OSt
005 20200909112327.0
008 190216s9999||||xx |||||||||||||| ||und||
020 _a9798122415369
040 _coclc
082 _a621.381
_bKAK/E
100 _aKakani, S L
_94332
245 0 _aElectronics Theory And Applications /
_cS L Kakani ; K C Bhandari
250 _a3rd Ed.
260 _bNew Age International Publishers,
_aNew Delhi:
_c2004.
300 _a549p
650 _aPhysics
942 _cBK
_2ddc
_h621.381
_iKAK/E
_k621.381
_mKAK/E
999 _c34056
_d34056